| 000 | 00373nam a2200133Ia 4500 | ||
|---|---|---|---|
| 008 | 240719s9999 xx 000 0 und d | ||
| 041 | _aeng | ||
| 082 | _a339 MAN | ||
| 100 | _aMankiw Gregory N. | ||
| 245 | _aPrinciples Of Macroeconomics | ||
| 260 |
_aNew Delhi _bCengage Learning _c2019 |
||
| 300 | _a551.; P. 28 Cm | ||
| 520 | _aGifted By : IMT Faculty Prof. Sayan Banerjee | ||
| 999 |
_c41249 _d41249 |
||